000 00524nam a2200217Ia 4500
003 OSt
005 20221005132103.0
006 a|||||r|||| 00| 0
007 ta
008 221004b |||||||| |||| 00| 0 eng d
024 _a115063
037 _cTextual
040 _aCRL
_cCRL
_beng
041 _2eng
_aeng
100 _aMathew P M
245 0 _aText book of quantum mechanics
260 _c1986
700 _a Venkatesan K
_9640592
942 _cTEXL
_2cc
999 _c1062405
_d1062405